Biggest villages and towns of San Marino - Statistics

General Stats
  • This quiz has been taken 7 times
  • The average score is 3 of 8
Answer Stats
Country Population Town % Correct
San Marino 4158 Città di San Marino
100%
San Marino 11.265 Serravalle
57%
San Marino 1216 Faetano
43%
San Marino 7006 Borgo Maggiore
29%
San Marino 1192 Chiesanuova
29%
San Marino 2588 Fiorentino
29%
San Marino 2147 Acquaviva
14%
San Marino 3613 Domagnano
14%
No matching quizzes found
Score Distribution
Percent of People with Each Score
Percentile by Number Answered
Your Score History
You have not taken this quiz